The Masters Champions - Statistics

General Stats
  • This quiz has been taken 628 times
    315 since last reset
  • The average score is 48 of 87
Answer Stats
Hint Answer % Correct
2019 Tiger Woods
97%
2005 Tiger Woods
97%
2002 Tiger Woods
97%
2001 Tiger Woods
97%
1997 Tiger Woods
97%
1941 Craig Wood
91%
2022 Scottie Scheffler
90%
2023 Jon Rahm
89%
2010 Phil Mickelson
89%
2006 Phil Mickelson
89%
2004 Phil Mickelson
89%
1986 Jack Nicklaus
88%
1975 Jack Nicklaus
88%
1972 Jack Nicklaus
88%
1966 Jack Nicklaus
88%
1965 Jack Nicklaus
88%
1963 Jack Nicklaus
88%
2020 Dustin Johnson
87%
2007 Zach Johnson
87%
2014 Bubba Watson
84%
2012 Bubba Watson
84%
2015 Jordan Spieth
84%
1981 Tom Watson
84%
1977 Tom Watson
84%
2021 Hideki Matsuyama
79%
1964 Arnold Palmer
76%
1962 Arnold Palmer
76%
1960 Arnold Palmer
76%
1958 Arnold Palmer
76%
2017 Sergio Garcia
75%
2013 Adam Scott
69%
2016 Danny Willett
67%
1978 Gary Player
66%
1974 Gary Player
66%
1961 Gary Player
66%
2018 Patrick Reed
66%
2000 Vijay Singh
65%
1996 Sir Nick Faldo
62%
1990 Sir Nick Faldo
62%
1989 Sir Nick Faldo
62%
2009 Ángel Cabrera
57%
2011 Charl Schwartzel
55%
1983 Seve Ballesteros
52%
1980 Seve Ballesteros
52%
1992 Fred Couples
51%
1953 Ben Hogan
49%
1951 Ben Hogan
49%
1999 José María Olazábal
49%
1994 José María Olazábal
49%
2003 Mike Weir
49%
2008 Trevor Immelman
47%
1993 Bernard Langer
44%
1985 Bernard Langer
44%
1936 Horton Smith
43%
1934 Horton Smith
43%
1998 Mark O'Meara
42%
1954 Sam Snead
42%
1952 Sam Snead
42%
1949 Sam Snead
42%
1995 Ben Crenshaw
38%
1984 Ben Crenshaw
38%
1991 Ian Woosnam
36%
1988 Sandy Lyle
36%
1979 Fuzzy Zoeller
35%
1987 Larry Mize
33%
1935 Gene Sarazen
30%
1942 Byron Nelson
29%
1937 Byron Nelson
29%
1982 Craig Stadler
26%
1976 Raymond Floyd
23%
1970 Billy Casper
18%
1950 Jimmy Demaret
18%
1947 Jimmy Demaret
18%
1940 Jimmy Demaret
18%
1971 Charles Coody
17%
1948 Claude Harmon
17%
1968 Bob Goalby
16%
1955 Cary Middlecoff
15%
1969 George Archer
15%
1973 Tommy Aaron
15%
1967 Gay Brewer
14%
1938 Henry Picard
14%
1956 Jack Burke Jr.
14%
1959 Art Wall Jr.
13%
1957 Doug Ford
12%
1946 Herman Keiser
11%
1939 Ralph Guldahl
10%
No matching quizzes found
Score Distribution
Percent of People with Each Score
Percentile by Number Answered
Your Score History
You have not taken this quiz since the last reset